Minecraft Mobs: Elder Guardian - Statistics

General Stats
  • This quiz has been taken 3 times
  • The average score is 5 of 10
Answer Stats
Question Answer % Correct
How many elder guardians generate in each of those structures? 3
100%
What effect does an elder guardian inflict on nearby players? Mining Fatigue
100%
What structure do elder guardians generate in? Ocean Monument
100%
How many health points does an elder guardian have? 80
67%
What armor enchantment does an elder guardian have a defense similar to? Thorns
67%
What is the radius in blocks of that attack? 50
33%
What item does an elder guardian always drop when killed by a player? Wet Sponge
33%
What is an elder guardian's height in blocks? 1.9975
0%
What is an elder guardian's width in blocks? 1.9975
0%
What rare item only has a 1/5 chance of dropping from an elder guardian? Tide Armor Trim
0%
No matching quizzes found
Score Distribution
Percent of People with Each Score
Percentile by Number Answered
Your Score History
You have not taken this quiz